Least Known UFC Champions - Statistics

General Stats
  • This quiz has been taken 118 times
  • The average score is 6 of 12
Answer Stats
Division % Guessed Year Won Title Answer % Correct
Flyweight 52% 2020 Deiveson Figueiredo
79%
Bantamweight 34% 2012 Renan Barão
75%
Featherweight 53% 2023 Yair Rodriguez
67%
Lightweight 22% 2006 Sean Sherk
49%
W-Bantamweight 19% 2016 Miesha Tate
41%
W-Featherweight 12% 2017 Germaine de Randamie
40%
Light Heavyweight 24% 1998 Ken Shamrock
40%
Welterweight 13% 1998 Pat Miletich
39%
W-Strawweight 17% 2019 Jéssica Andrade
37%
W-Flyweight 10% 2017 Nicco Montaño
33%
Heavyweight 11% 2002 Josh Barnett
30%
Middleweight 11% 2005 Evan Tanner
28%
No matching quizzes found
Score Distribution
Percent of People with Each Score
Percentile by Number Answered
Your Score History
You have not taken this quiz